000 01074nam a2200253 a 4500
001 000048035
005 20250129073606.0
008 181102s2018 dr ac 000 0 spa d
020 _a9789945462999
040 _aDO-SdBNP
_bspa
_cBNPHU
082 _axxxx
_bxxxx
245 0 0 _aJottin Cury, el canciller de abril /
_cedición, prólogo y notas Juan Daniel Balcácer.
250 _a2a reimpresión
260 _aSanto Domingo :
_bComisión Permanente de Efemérides Patrias.,
_c2018.
300 _av. :
_bil., retrs. ;
_c23 cm.
490 1 _aColección 50 Aniversario de la Gesta Patriótica de Abril de 1965
500 _aIncluye referencias bibliográficas y notas al pie de las páginas
500 _aIncluye datos biográficos de los autores en las solapas
500 _aLa biblioteca posee el volumen vii
590 _aInventariado, 2018/LP
700 1 _aBalcácer, Juan Daniel,
_d1949-
_eedición, prólogo y notas
_96566
700 1 _aCury Elías, Jottin,
_d1920-2011.
_975530
830 0 _aColección 50 Aniversario de la Gesta Patriótica de Abril de 1965
_975531
999 _c47523
_d47523